Statistics for Star Wars Planets and Moons

Click here to take the quiz!

General Stats

  • This quiz has been taken 52 times
  • The average score is 26 of 50

Answer Stats

AppearancesAnswer% Correct
Episode I, II, III, IV, VI, IXTatooine
100%
Episode VI, IXEndor
94%
Episode I, II, IIINaboo
94%
Episode VHoth
91%
Episode I, II, IIICoruscant
89%
Episode IVYavin
89%
Episode III, IVAlderaan
83%
Episode III, IX, Rogue OneMustafar
83%
Episode IV, SoloCorellia
80%
Episode V, IXBespin
77%
Episode IIGeonosis
77%
Episode V, VIDagobah
71%
Episode VII, IXJakku
71%
Episode IIIKashyyyk
71%
Episode IXExegol
69%
Episode IIKamino
69%
Rogue OneScarif
69%
Episode IV, SoloKessel
63%
Episode IIIUtapau
60%
Episode VII, VIII, IXAhch-To
54%
Episode VII, VIIID'Qar
54%
Episode VIIICrait
51%
Episode IVDantooine
51%
Episode IIIFelucia
51%
Episode IV, Rogue OneYavin 4
51%
Episode VIIICantonica
49%
Rogue OneJedha
49%
Episode VIIIlum/Starkiller Base
43%
Episode IIIMygeeto
43%
SoloDathomir
40%
Episode VIITakodana
40%
Episode VIIHosnian Prime
37%
Episode IXKijimi
37%
Episode IMalastare
37%
Episode VISullust
34%
Rogue OneEadu
31%
Episode IXPasaana
31%
Episode IIIPolis Massa
31%
Episode IIego
26%
Episode VOrd Mantell
26%
Episode IXAjan Kloss
23%
Episode IIICato Neimoidia
23%
SoloMimban
23%
Episode VAnoat
20%
Episode IXKef Bir
20%
Rogue OneWobani
20%
SoloSavareen
17%
SoloVandor-1
17%
Rogue OneLah'mu
14%
Episode ISubterrel
14%

Score Distribution

Percentile by Number Answered

Percent of People with Each Score

Your Score History

You have not taken this quiz